Vlastné náradie zamestnanca – náhrada za používanie

V praxi sa možno stretnúť so situáciou, keď zamestnávateľ neposkytne zamestnancovi potrebné náradie, zariadenie a iné predmety, ktoré potrebuje zamestnanec k svojej práci, ale zamestnanec používa svoje vlastné. Tento postup pripúšťajú pracovnoprávne predpisy a riešia daňové predpisy. Aké sú daňové d...

Description complète

Enregistré dans:
Détails bibliographiques
Auteur principal: Valterová, Ivana
Format: Chapitre de livre
Langue:slovaque
Sujets:
Tags: Ajouter un tag
Pas de tags, Soyez le premier à ajouter un tag!

MARC

LEADER 00000naa a2200000 4500
001 0312156
005 20250911075625.7
041 0 |a slo 
044 |a SK 
245 1 0 |a Vlastné náradie zamestnanca – náhrada za používanie  |c Ivana Valterová 
520 |a V praxi sa možno stretnúť so situáciou, keď zamestnávateľ neposkytne zamestnancovi potrebné náradie, zariadenie a iné predmety, ktoré potrebuje zamestnanec k svojej práci, ale zamestnanec používa svoje vlastné. Tento postup pripúšťajú pracovnoprávne predpisy a riešia daňové predpisy. Aké sú daňové dôsledky uvedeného postupu? 
610 2 0 |a zamestnanci 
610 2 0 |a zamestnávatelia 
610 2 0 |a náradie 
610 2 0 |a predpisy pracovnoprávne 
610 2 0 |a predpisy daňové 
610 2 0 |a úpravy právne 
610 2 0 |a zákonník práce 
100 1 |a Valterová, Ivana